| 000 | 00398nam a2200145Ia 4500 | ||
|---|---|---|---|
| 008 | 230312s9999||||xx |||||||||||||| ||und|| | ||
| 020 | _a9781259814297 | ||
| 082 |
_a658.403 _bBAL-I |
||
| 100 | _aSelikoff,Scott | ||
| 245 | 0 | _aOCP Oracle Certified Professional Java SE11 Programmer | |
| 260 |
_bMcgraw Hill _aUSA _c2018 |
||
| 300 | _a306 | ||
| 650 |
_aComputer _vInformation Technology |
||
| 942 | _cBK | ||
| 999 |
_c17022 _d17022 |
||